000 00906nam a22002297a 4500
008 100601s2011 nju|||||r|||| 001 0 eng d
020 _a9780131377080
020 _a0131377086
082 _222
_a005.73
_bGUZ
100 _914474
_aGuzdial, Mark
245 _aProblem Solving with Data Structures using Java :
_bA Multimedia Approach /
_cMark Guzdial and Barbara Ericson
260 _aUpper Saddle River, N.J. :
_bPrentice Hall, 2011.
_c2011
300 _a507 p. :
_bill.;
_c23 cm.
500 _aIncludes index
500 _aDonated by: Dr. Khaled Nagaty
650 _912448
_aData structures (Computer science)
650 _911367
_aJava (Computer program language)
650 _914476
_aMultimedia systems
700 _914475
_aEricson, Barbara
942 _2ddc
_cBB
999 _c14037
_d14037